Normal view
MARC view
Entry Topical Term
001 - CONTROL NUMBER
- control field: 9547
003 - CONTROL NUMBER IDENTIFIER
- control field: OSt
005 - DATE AND TIME OF LATEST TRANSACTION
- control field: 20160622170617.0
008 - FIXED-LENGTH DATA ELEMENTS
- fixed length control field: 160622|| aca||aabn | a|a d
040 ## - CATALOGING SOURCE
- Original cataloging agency: OSt
- Transcribing agency: OSt
150 ## - HEADING--TOPICAL TERM
- Topical term or geographic name entry element: Caregiving nursing
670 ## - SOURCE DATA FOUND
- Source citation: Work cat.: (OSt)4439: Carter, Pamela J. 9524, Lippincott's Textbook for Nursing Assistants: a humanistic approach to caregiving
